Kursus Penilaian Untuk Pegawai Dalam Pentadbir Tanah Negeri Selangor : Bil. 1/85 - 2/85 (15.7.85 - 18.7.85 / 22.7.85 - 25.7.85)

Bibliographic Details
Format: Book
Subjects:
Online Access:http://app.inspen.gov.my:7779/pls/portal/docs/PAGE/CORPORATEPAGES/PORTAL_INSPEN/NOTA_KURSUS/PTD/VJ.PDF

MARC

LEADER 00000cam a2200000 7i4500
001 0000006592
005 20071119.0
040 |a INS 
090 0 0 |a PTD1 
245 0 0 |a Kursus Penilaian Untuk Pegawai Dalam Pentadbir Tanah Negeri Selangor :   |b Bil. 1/85 - 2/85 (15.7.85 - 18.7.85 / 22.7.85 - 25.7.85) 
500 |a Digital document is available on-line; Please click the URL below 
650 0 0 |a Pentadbir Tanah Daerah 
856 |u http://app.inspen.gov.my:7779/pls/portal/docs/PAGE/CORPORATEPAGES/PORTAL_INSPEN/NOTA_KURSUS/PTD/VJ.PDF 
999 |a PTD0000002   |b BOOK   |c Course Notes   |e Default branch